00331nam a2200121Ia 4500008004100000040001600041041001200057082001900069100002000088245004900108260004100157300001100198230917s9999||||xx |||||||||||||| ||und|| e54859aMAIN aEnglish a823.09 J559A:R aAgarwal, Ramlal 0aRuth Prawer Jhabvala: A study of her fiction aNew DelhibSterling Publishersc1990 a126 p.